Statistics for Italian Regions by Clue

Click here to take the quiz!

General Stats

  • This quiz has been taken 50 times
  • The average score is 11 of 14

Answer Stats

HintAnswer% Correct
Etna, Garibaldi, CorleoneSicily
98%
Medici, Leonardo, ChiantiTuscany
86%
Ferrari, Prosciutto, LeftistEmilia-Romagna
84%
Asti, Fiat, FerreroPiedmont
84%
Heel toe, 'Ndrangheta, BruttiumCalabria
81%
Riviera, Columbus, PestoLiguria
81%
Maradona, Pizza, WasteCampania
79%
Via Appia, Tiber, OstiaLazio
79%
Scala, Lake Como, SforzaLombardy
79%
Lagoon, Romeo and Juliet, Aperol SpritzVeneto
74%
Castel del Monte, Cannae, TrullosApulia
65%
Slovene, Istria, Austria-HungaryFriuli Venezia-Giulia
65%
Cork, VIP beaches, Old ageSardinia
63%
St. Francis, Lake Trasimene, Rust brownUmbria
58%

Score Distribution

Percentile by Number Answered

Percent of People with Each Score

Your Score History

You have not taken this quiz